[Event "BCF-chT4 2223 (4NCL)"]
[Site "England"]
[Date "2023.01.07"]
[Round "3.114"]
[White "Phillips, William"]
[Black "Taylor, Marcel V"]
[Result "1-0"]
[WhiteElo "1789"]
[BlackElo "1696"]
[PlyCount "29"]
[EventDate "2022.11.05"]
[EventType "team-swiss"]
[EventRounds "11"]
[EventCountry "ENG"]
[SourceTitle "EXT 2024"]
[Source "ChessBase"]
[SourceDate "2023.10.10"]
[SourceVersion "1"]
[SourceVersionDate "2023.10.10"]
[SourceQuality "1"]
[WhiteTeam "Cambridge University III"]
[BlackTeam "Ashfield III"]
[WhiteTeamCountry "ENG"]
[BlackTeamCountry "ENG"]

1. d4 d5 2. Nf3 Nf6 3. c4 c6 4. Nc3 e6 5. Bg5 Be7 6. e3 Nbd7 7. Rc1 0-0 8. Bd3 b6 9. cxd5 cxd5 10. 0-0 Bb7 11. Qe2 Ne4 12. Bxe7 Qxe7 13. Ne5 Nxe5 14. dxe5 Qc7 15. Nxe4 1-0